| 000 -LEADER |
| fixed length control field |
00777cam a22002658i 4500 |
| 001 - CONTROL NUMBER |
| control field |
20645 |
| 003 - CONTROL NUMBER IDENTIFIER |
| control field |
BD-DhUAP |
| 005 - DATE AND TIME OF LATEST TRANSACTION |
| control field |
20210105121756.0 |
| 008 - FIXED-LENGTH DATA ELEMENTS--GENERAL INFORMATION |
| fixed length control field |
210105s2014 nyua 001 0 eng |
| 020 ## - INTERNATIONAL STANDARD BOOK NUMBER |
| International Standard Book Number |
9781259010620 |
| 020 ## - INTERNATIONAL STANDARD BOOK NUMBER |
| International Standard Book Number |
1259010627 |
| 040 ## - CATALOGING SOURCE |
| Original cataloging agency |
DLC |
| Language of cataloging |
eng |
| Transcribing agency |
DLC |
| Description conventions |
rda |
| Modifying agency |
BD-DhUAP |
| 042 ## - AUTHENTICATION CODE |
| Authentication code |
pcc |
| 082 00 - DEWEY DECIMAL CLASSIFICATION NUMBER |
| Classification number |
657.046 CHR |
| Edition number |
23 |
| 100 1# - MAIN ENTRY--PERSONAL NAME |
| Personal name |
Christensen, Theodore E. |
| 245 10 - TITLE STATEMENT |
| Title |
Advanced financial accounting / |
| Statement of responsibility, etc. |
Theodore E. Christensen, David M. Cottrell and Richard E. Baker. |
| 250 ## - EDITION STATEMENT |
| Edition statement |
10th ed. |
| 264 #1 - PRODUCTION, PUBLICATION, DISTRIBUTION, MANUFACTURE, AND COPYRIGHT NOTICE |
| Place of production, publication, distribution, manufacture |
New York : |
| Name of producer, publisher, distributor, manufacturer |
McGraw-Hill Irwin, |
| Date of production, publication, distribution, manufacture, or copyright notice |
c2014. |
| 300 ## - PHYSICAL DESCRIPTION |
| Extent |
xxxii, 1088 pages : |
| Other physical details |
illustrations ; |
| Dimensions |
28 cm. |
| 500 ## - GENERAL NOTE |
| General note |
Includes index. |
| 650 #0 - SUBJECT ADDED ENTRY--TOPICAL TERM |
| Topical term or geographic name entry element |
Accounting. |
| 700 1# - ADDED ENTRY--PERSONAL NAME |
| Personal name |
Cottrell, David M. |
| 700 1# - ADDED ENTRY--PERSONAL NAME |
| Personal name |
Baker, Richard E. |
| 942 ## - ADDED ENTRY ELEMENTS (KOHA) |
| Source of classification or shelving scheme |
|
| Koha item type |
Book |